000 00622nam a2200205Ii 4500
003 JO-AjNU
008 230605s9999||||xx |||||||||||||| ||und||
040 _aJO-AjNU
_bara
_erda
_cJO-AjNU
041 _aara
050 1 4 _aRA410 .56 .B34 2005
100 3 _aالبكري ، ثامر ياسر,
_eauthor
_933015
245 0 0 _aتسويق الخدمات الصحية
250 _aط2
264 3 1 _aعمان:دار اليازوري ، 2005
300 _a364ص
336 _atext
_btxt
_2rdacontent
337 _aunmediated
_bn
_2rdamedia
338 _avolume
_bnc
_2rdacarrier
650 4 _aالادويه-تسويق
_933016
999 _aA13393
_c16961
_d16961